| 000 | 01095nam a2200217Ia 4500 | ||
|---|---|---|---|
| 003 | OSt | ||
| 005 | 20241010142606.0 | ||
| 007 | ca aa aaaaa | ||
| 008 | 201103s9999 xx 000 0 und d | ||
| 040 | _cSSBUL | ||
| 041 | _abur | ||
| 082 |
_223 _a၂၉၄.၃၄၃၅၀၉ စေ _b၉၂၄၄ S-SAT |
||
| 100 | 0 |
_aစေတနာ၊ မောင် _917382 |
|
| 245 | 1 | 0 |
_aမွန်ပြည်နယ် ဘီးလင်းမြို့နယ် ဆကေသမဟာဓာတုဝင် ကုသိနာရုံဆံတော်ရှင် ဘုရားသမိုင်း / _cမောင်စေတနာ။ |
| 250 | _aတိတယအကြိမ်။ | ||
| 260 |
_a[နေရာမပါ] _bခိုင်ပုံနှိပ်ှိပ်က် ၊ _c၁၉၉၆။ |
||
| 300 |
_a၆၈ စာမျက်နှာ ၊ _c၁၈ စင်တီ။ |
||
| 500 | _aS-SAT: Dr. Sai Aung Tun | ||
| 650 |
_aကုသိနာရုံဆံတော်ရှင်ဘုရား _vသမိုင်း _zမွန်ပြည်နယ် _955008 |
||
| 942 |
_2ddc _cBK1 |
||
| 999 |
_c16786 _d16786 |
||